[Event "Stay Safe Play From Home 131"]
[Site "T#645805Emanuel Laske"]
[Date "2020.05.07"]
[Round "4"]
[White "rohit2007"]
[Black "Sfantul321"]
[Result "1-0"]
[WhiteElo "2043"]
[BlackElo "2050"]
[PlyCount "71"]
[EventDate "2020.05.07"]
[EventType "swiss (blitz)"]

1. e4 {[%emt 0:00:05]} g6 {[%emt 0:00:01]} 2. d4 {[%emt 0:00:02]} d6 {[%emt 0:00:01]} 3. Nc3 {[%emt 0:00:01]} Bg7 {[%emt 0:00:00]} 4. Bg5 {[%emt 0:00:01]} h6 {[%emt 0:00:01]} 5. Be3 {[%emt 0:00:02]} Nf6 {[%emt 0:00:01]} 6. f3 {[%emt 0:00:01]} O-O {[%emt 0:00:01]} 7. Qd2 {[%emt 0:00:00]} Kh7 {[%emt 0:00:01]} 8. O-O-O {[%emt 0:00:01]} b6 {[%emt 0:00:01]} 9. h4 {[%emt 0:00:01]} Nbd7 {[%emt 0:00:04]} 10. h5 {[%emt 0:00:04]} Ng8 {[%emt 0:00:04]} 11. g4 {[%emt 0:00:05]} g5 {[%emt 0:00:04]} 12. f4 {[%emt 0:00:01]} f6 {[%emt 0:00:01]} 13. e5 {[%emt 0:00:02]} c5 {[%emt 0:00:04]} 14. Qd3+ {[%emt 0:00:05]} Kh8 {[%emt 0:00:03]} 15. Qe4 {[%emt 0:00:01]} Rb8 {[%emt 0:00:01]} 16. Bd3 {[%emt 0:00:01]} f5 {[%emt 0:00:03]} 17. gxf5 {[%emt 0:00:01]} Bb7 {[%emt 0:00:03]} 18. d5 {[%emt 0:00:03]} dxe5 {[%emt 0:00:10]} 19. fxg5 {[%emt 0:00:05]} hxg5 {[%emt 0:00:04]} 20. Bxg5 {[%emt 0:00:12]} Bh6 {[%emt 0:00:03]} 21. Bxh6 {[%emt 0:00:03]} Nxh6 {[%emt 0:00:01]} 22. Qe3 {[%emt 0:00:03]} Ng4 {[%emt 0:00:07]} 23. Qe2 {[%emt 0:00:09]} Ndf6 {[%emt 0:00:03]} 24. Nf3 {[%emt 0:00:01]} Rg8 {[%emt 0:00:03]} 25. Nxe5 {[%emt 0:00:01]} Qe8 {[%emt 0:00:05]} 26. Ng6+ {[%emt 0:00:02]} Kh7 {[%emt 0:00:03]} 27. Rhg1 {[%emt 0:00:06]} Nh6 {[%emt 0:00:03]} 28. Ne4 {[%emt 0:00:03]} Bxd5 {[%emt 0:00:10]} 29. Ng5+ {[%emt 0:00:04]} Kg7 {[%emt 0:00:01]} 30. Nxe7 {[%emt 0:00:01]} Kh8 {[%emt 0:00:21]} 31. Qe5 {[%emt 0:00:06]} Rf8 {[%emt 0:00:24]} 32. Ng6+ {[%emt 0:00:02]} Kg7 {[%emt 0:00:04]} 33. Ne6+ {[%emt 0:00:02]} Kf7 {[%emt 0:00:03]} 34. Ngxf8 {[%emt 0:00:03]} Nhg4 {[%emt 0:00:04]} 35. Rxg4 {[%emt 0:00:02]} Nxg4 {[%emt 0:00:02]} 36. Qg7# {[%emt 0:00:01] (Lag: Av=0.26s, max=0.5s)} 1-0

[Event "Stay Safe Play From Home 131"]
[Site "T#645805Emanuel Laske"]
[Date "2020.05.07"]
[Round "4"]
[White "Nickless0"]
[Black "Lazieri3"]
[Result "1-0"]
[WhiteElo "1975"]
[BlackElo "2026"]
[PlyCount "113"]
[EventDate "2020.05.07"]
[EventType "swiss (blitz)"]

1. e4 {[%emt 0:00:01]} c6 {[%emt 0:00:00]} 2. d4 {[%emt 0:00:02]} d5 {[%emt 0:00:00]} 3. Nc3 {[%emt 0:00:01]} dxe4 {[%emt 0:00:01]} 4. Nxe4 {[%emt 0:00:00]} Nd7 {[%emt 0:00:00]} 5. Bd3 {[%emt 0:00:01]} Ngf6 {[%emt 0:00:01]} 6. Nf3 {[%emt 0:00:01]} Nxe4 {[%emt 0:00:01]} 7. Bxe4 {[%emt 0:00:00]} Nf6 {[%emt 0:00:00]} 8. Qd3 {[%emt 0:00:01]} Nxe4 {[%emt 0:00:01]} 9. Qxe4 {[%emt 0:00:00]} Qd5 {[%emt 0:00:01]} 10. Qxd5 {[%emt 0:00:11]} cxd5 {[%emt 0:00:00]} 11. Bf4 {[%emt 0:00:03]} Bf5 {[%emt 0:00:01]} 12. O-O-O {[%emt 0:00:05]} e6 {[%emt 0:00:03]} 13. Nh4 {[%emt 0:00:09]} Bg6 {[%emt 0:00:10]} 14. Nxg6 {[%emt 0:00:02]} hxg6 {[%emt 0:00:00]} 15. c3 {[%emt 0:00:02]} Kd7 {[%emt 0:00:01]} 16. Kc2 {[%emt 0:00:03]} Bd6 {[%emt 0:00:02]} 17. Bxd6 {[%emt 0:00:04]} Kxd6 {[%emt 0:00:00]} 18. Rde1 {[%emt 0:00:04]} b5 {[%emt 0:00:04]} 19. h3 {[%emt 0:00:03]} a5 {[%emt 0:00:01]} 20. b3 {[%emt 0:00:05]} Rhc8 {[%emt 0:00:03]} 21. Kd3 {[%emt 0:00:13]} a4 {[%emt 0:00:02]} 22. Ra1 {[%emt 0:00:02]} axb3 {[%emt 0:00:05]} 23. axb3 {[%emt 0:00:01]} g5 {[%emt 0:00:13]} 24. Kd2 {[%emt 0:00:26]} f6 {[%emt 0:00:07]} 25. Kd3 {[%emt 0:00:01]} Rcb8 {[%emt 0:00:07]} 26. Rhb1 {[%emt 0:00:21]} Kc6 {[%emt 0:00:09]} 27. Kd2 {[%emt 0:00:02]} b4 {[%emt 0:00:18]} 28. c4 {[%emt 0:00:03]} e5 {[%emt 0:00:06]} 29. dxe5 {[%emt 0:00:03]} fxe5 {[%emt 0:00:02]} 30. Kd3 {[%emt 0:00:01]} Rf8 {[%emt 0:00:22]} 31. f3 {[%emt 0:00:02]} dxc4+ {[%emt 0:00:14]} 32. Kxc4 {[%emt 0:00:02]} Rf4+ {[%emt 0:00:02]} 33. Kd3 {[%emt 0:00:01]} Rd8+ {[%emt 0:00:05]} 34. Ke3 {[%emt 0:00:02]} Rfd4 {[%emt 0:00:07]} 35. Ra6+ {[%emt 0:00:04]} Kb5 {[%emt 0:00:08]} 36. Re6 {[%emt 0:00:03]} R8d5 {[%emt 0:00:12]} 37. Kf2 {[%emt 0:00:03]} Rd2+ {[%emt 0:00:01]} 38. Kg3 {[%emt 0:00:01]} Re2 {[%emt 0:00:01]} 39. Rc1 {[%emt 0:00:02]} Rd3 {[%emt 0:00:01]} 40. Rcc6 {[%emt 0:00:02]} Rdd2 {[%emt 0:00:01]} 41. Rb6+ {[%emt 0:00:01]} Kc5 {[%emt 0:00:00]} 42. Rec6+ {[%emt 0:00:01]} Kd5 {[%emt 0:00:00]} 43. Kg4 {[%emt 0:00:00]} Rxg2+ {[%emt 0:00:01]} 44. Kh5 {[%emt 0:00:01]} e4 {[%emt 0:00:00]} 45. Rd6+ {[%emt 0:00:01]} Ke5 {[%emt 0:00:00]} 46. Rxd2 {[%emt 0:00:02]} Kf4 {[%emt 0:00:00]} 47. Rb5 {[%emt 0:00:00]} exf3 {[%emt 0:00:00]} 48. Rxg2 {[%emt 0:00:01]} fxg2 {[%emt 0:00:00]} 49. Rxg5 {[%emt 0:00:00]} g1=Q {[%emt 0:00:00]} 50. Rxg1 {[%emt 0:00:01]} Ke3 {[%emt 0:00:00]} 51. Rxg7 {[%emt 0:00:01]} Kd3 {[%emt 0:00:00]} 52. Rg3+ {[%emt 0:00:01]} Kc2 {[%emt 0:00:01]} 53. Kg4 {[%emt 0:00:00]} Kb2 {[%emt 0:00:00]} 54. h4 {[%emt 0:00:00]} Ka3 {[%emt 0:00:00]} 55. h5 {[%emt 0:00:00]} Kb2 {[%emt 0:00:00]} 56. h6 {[%emt 0:00:00]} Ka3 {[%emt 0:00:00]} 57. h7 {[%emt 0:00:00] Time} 1-0

[Event "Stay Safe Play From Home 131"]
[Site "T#645805Emanuel Laske"]
[Date "2020.05.07"]
[Round "4"]
[White "Haris kollari 13"]
[Black "Don59as"]
[Result "1/2-1/2"]
[WhiteElo "1904"]
[BlackElo "2084"]
[PlyCount "108"]
[EventDate "2020.05.07"]
[EventType "swiss (blitz)"]

1. e4 {[%emt 0:00:01]} e5 {[%emt 0:00:01]} 2. Nf3 {[%emt 0:00:01]} Nc6 {[%emt 0:00:02]} 3. Bb5 {[%emt 0:00:03]} f5 {[%emt 0:00:02]} 4. Qe2 {[%emt 0:00:03]} Qe7 {[%emt 0:00:03]} 5. exf5 {[%emt 0:00:01]} e4 {[%emt 0:00:05]} 6. Bxc6 {[%emt 0:00:04]} dxc6 {[%emt 0:00:01]} 7. Nd4 {[%emt 0:00:01]} Nf6 {[%emt 0:00:01]} 8. Ne6 {[%emt 0:00:02]} Bxe6 {[%emt 0:00:03]} 9. fxe6 {[%emt 0:00:01]} Qxe6 {[%emt 0:00:01]} 10. O-O {[%emt 0:00:01]} O-O-O {[%emt 0:00:06]} 11. d3 {[%emt 0:00:02]} Bd6 {[%emt 0:00:02]} 12. dxe4 {[%emt 0:00:06]} Qxe4 {[%emt 0:00:03]} 13. Re1 {[%emt 0:00:10]} Qxe2 {[%emt 0:00:14]} 14. Rxe2 {[%emt 0:00:01]} Rhe8 {[%emt 0:00:02]} 15. Rxe8 {[%emt 0:00:07]} Rxe8 {[%emt 0:00:01]} 16. Be3 {[%emt 0:00:15]} Ng4 {[%emt 0:00:13]} 17. Nc3 {[%emt 0:00:08]} Bxh2+ {[%emt 0:00:15]} 18. Kf1 {[%emt 0:00:02]} Nxe3+ {[%emt 0:00:04]} 19. fxe3 {[%emt 0:00:01]} Be5 {[%emt 0:00:17]} 20. Nd1 {[%emt 0:00:10]} g5 {[%emt 0:00:06]} 21. Ke2 {[%emt 0:00:01]} h5 {[%emt 0:00:01]} 22. c3 {[%emt 0:00:01]} h4 {[%emt 0:00:03]} 23. Kf3 {[%emt 0:00:03]} Rf8+ {[%emt 0:00:17]} 24. Ke2 {[%emt 0:00:02]} g4 {[%emt 0:00:04]} 25. Nf2 {[%emt 0:00:02]} g3 {[%emt 0:00:13]} 26. Nh3 {[%emt 0:00:02]} c5 {[%emt 0:00:05]} 27. Rf1 {[%emt 0:00:03]} Rxf1 {[%emt 0:00:08]} 28. Kxf1 {[%emt 0:00:01]} Kd7 {[%emt 0:00:01]} 29. Ke2 {[%emt 0:00:01]} Ke6 {[%emt 0:00:01]} 30. Kd3 {[%emt 0:00:01]} Kf5 {[%emt 0:00:02]} 31. b3 {[%emt 0:00:05]} b5 {[%emt 0:00:05]} 32. a3 {[%emt 0:00:01]} a5 {[%emt 0:00:02]} 33. Ng1 {[%emt 0:00:05]} Bf6 {[%emt 0:00:05]} 34. Nh3 {[%emt 0:00:13]} c6 {[%emt 0:00:01]} 35. e4+ {[%emt 0:00:03]} Ke5 {[%emt 0:00:02]} 36. a4 {[%emt 0:00:04]} c4+ {[%emt 0:00:03]} 37. bxc4 {[%emt 0:00:02]} bxa4 {[%emt 0:00:01]} 38. Ng1 {[%emt 0:00:05]} a3 {[%emt 0:00:01]} 39. Kc2 {[%emt 0:00:05]} Kf4 {[%emt 0:00:00]} 40. Nh3+ {[%emt 0:00:09]} Kxe4 {[%emt 0:00:01]} 41. Kb3 {[%emt 0:00:02]} Ke3 {[%emt 0:00:00]} 42. Kxa3 {[%emt 0:00:02]} Ke2 {[%emt 0:00:00]} 43. Nf4+ {[%emt 0:00:01]} Kf1 {[%emt 0:00:00]} 44. Ka4 {[%emt 0:00:02]} h3 {[%emt 0:00:01]} 45. gxh3 {[%emt 0:00:04]} g2 {[%emt 0:00:02]} 46. Nxg2 {[%emt 0:00:01]} Kxg2 {[%emt 0:00:00]} 47. Kxa5 {[%emt 0:00:00]} Bxc3+ {[%emt 0:00:01]} 48. Kb6 {[%emt 0:00:00]} Kxh3 {[%emt 0:00:01]} 49. Kxc6 {[%emt 0:00:00]} Bd2 {[%emt 0:00:00]} 50. Kd6 {[%emt 0:00:00]} Be3 {[%emt 0:00:00]} 51. c5 {[%emt 0:00:00]} Bg1 {[%emt 0:00:00]} 52. c6 {[%emt 0:00:01]} Bh2+ {[%emt 0:00:00]} 53. Kd7 {[%emt 0:00:00]} Kg4 {[%emt 0:00:00]} 54. c7 {[%emt 0:00:00]} Bxc7 {[%emt 0:00:00] (Lag: Av=0.49s, max=0.9s)} 1/2-1/2

[Event "Stay Safe Play From Home 131"]
[Site "T#645805Emanuel Laske"]
[Date "2020.05.07"]
[Round "4"]
[White "Chase the sun"]
[Black "MartinKestler"]
[Result "0-1"]
[WhiteElo "1894"]
[BlackElo "1899"]
[Annotator "NA"]
[PlyCount "66"]
[EventDate "2020.05.07"]
[EventType "swiss (blitz)"]

1. e4 {[%emt 0:00:19]} d6 {[%emt 0:00:00]} 2. Nc3 {[%emt 0:00:02]} Nf6 {[%emt 0:00:01]} 3. f4 {[%emt 0:00:01]} c5 {[%emt 0:00:03]} 4. Nf3 {[%emt 0:00:03]} Nc6 {[%emt 0:00:01]} 5. Bc4 {[%emt 0:00:00]} e6 {[%emt 0:00:03]} 6. Bb3 {[%emt 0:00:02]} Be7 {[%emt 0:00:02]} 7. d3 {[%emt 0:00:01]} a6 {[%emt 0:00:01]} 8. a4 {[%emt 0:00:02]} b6 {[%emt 0:00:01]} 9. O-O {[%emt 0:00:01]} O-O {[%emt 0:00:01]} 10. Qe1 {[%emt 0:00:01]} Bb7 {[%emt 0:00:01]} 11. h3 {[%emt 0:00:01]} Qc7 {[%emt 0:00:03]} 12. g4 {[%emt 0:00:01]} Nd7 {[%emt 0:00:03]} 13. Qg3 {[%emt 0:00:03]} Nd4 {[%emt 0:00:05]} 14. Nxd4 {[%emt 0:00:02]} cxd4 {[%emt 0:00:00]} 15. Ne2 {[%emt 0:00:01]} d5 {[%emt 0:00:09]} 16. Nxd4 {[%emt 0:00:06]} Bc5 {[%emt 0:00:02]} 17. Be3 {[%emt 0:00:02]} dxe4 {[%emt 0:00:01]} 18. dxe4 {[%emt 0:00:02]} Nf6 {[%emt 0:00:01]} 19. c3 {[%emt 0:00:12]} Nxe4 {[%emt 0:00:03]} 20. Qh4 {[%emt 0:00:01]} Qc6 {[%emt 0:00:03]} 21. f5 {[%emt 0:00:24]} Nd2 {[%emt 0:00:08]} 22. Qg3 {[%emt 0:00:04]} Qh1+ {[%emt 0:00:38]} 23. Kf2 {[%emt 0:00:03]} Ne4+ {[%emt 0:00:06]} 24. Ke1 {[%emt 0:00:07]} Nxg3 {[%emt 0:00:02]} 25. Rxh1 {[%emt 0:00:04]} Bxh1 {[%emt 0:00:08]} 26. fxe6 {[%emt 0:00:02]} fxe6 {[%emt 0:00:10]} 27. Bxe6+ {[%emt 0:00:02]} Kh8 {[%emt 0:00:01]} 28. Kd2 {[%emt 0:00:01]} Bb7 {[%emt 0:00:03]} 29. Re1 {[%emt 0:00:24]} Nf1+ {[%emt 0:00:01]} 30. Kd3 {[%emt 0:00:04]} Nxe3 {[%emt 0:00:01]} 31. Kxe3 {[%emt 0:00:00]} Rae8 {[%emt 0:00:04]} 32. Kd3 {[%emt 0:00:01]} Bxd4 {[%emt 0:00:02]} 33. cxd4 {[%emt 0:00:05]} Bc8 {[%emt 0:00:01] Chase the sun gibt auf (Lag: Av=0.53s, max=1.0s)} 0-1

[Event "Stay Safe Play From Home 131"]
[Site "T#645805Emanuel Laske"]
[Date "2020.05.07"]
[Round "4"]
[White "Tumnik_ad"]
[Black "Shatarchin7"]
[Result "0-1"]
[WhiteElo "1885"]
[BlackElo "2027"]
[PlyCount "100"]
[EventDate "2020.05.07"]
[EventType "swiss (blitz)"]

1. c3 {[%emt 0:00:03]} Nf6 {[%emt 0:00:02]} 2. d3 {[%emt 0:00:00]} d5 {[%emt 0:00:02]} 3. Nd2 {[%emt 0:00:00]} g6 {[%emt 0:00:01]} 4. h3 {[%emt 0:00:00]} Bg7 {[%emt 0:00:01]} 5. g4 {[%emt 0:00:00]} O-O {[%emt 0:00:00]} 6. Bg2 {[%emt 0:00:00]} c5 {[%emt 0:00:00]} 7. Nf1 {[%emt 0:00:00]} Nc6 {[%emt 0:00:01]} 8. Ng3 {[%emt 0:00:00]} d4 {[%emt 0:00:01]} 9. Nf3 {[%emt 0:00:02]} Nd5 {[%emt 0:00:06]} 10. c4 {[%emt 0:00:04]} Nf6 {[%emt 0:00:02]} 11. g5 {[%emt 0:00:01]} Nd7 {[%emt 0:00:01]} 12. h4 {[%emt 0:00:05]} Nde5 {[%emt 0:00:01]} 13. Bf4 {[%emt 0:00:04]} Qd7 {[%emt 0:00:05]} 14. Bh3 {[%emt 0:00:09]} Qc7 {[%emt 0:00:04]} 15. Bg2 {[%emt 0:00:05]} Nxf3+ {[%emt 0:00:02]} 16. Bxf3 {[%emt 0:00:00]} Qxf4 {[%emt 0:00:01]} 17. h5 {[%emt 0:00:04]} Ne5 {[%emt 0:00:05]} 18. Be4 {[%emt 0:00:08]} Qxg5 {[%emt 0:00:06]} 19. hxg6 {[%emt 0:00:04]} fxg6 {[%emt 0:00:01]} 20. Bd5+ {[%emt 0:00:08]} e6 {[%emt 0:00:01]} 21. Ne4 {[%emt 0:00:00]} Qf4 {[%emt 0:00:06]} 22. e3 {[%emt 0:00:18]} dxe3 {[%emt 0:00:05]} 23. fxe3 {[%emt 0:00:02]} Qxe3+ {[%emt 0:00:01]} 24. Qe2 {[%emt 0:00:00]} Nxd3+ {[%emt 0:00:01]} 25. Kd1 {[%emt 0:00:01]} Qxe2+ {[%emt 0:00:01]} 26. Kxe2 {[%emt 0:00:01]} Nf4+ {[%emt 0:00:01]} 27. Ke3 {[%emt 0:00:01]} exd5 {[%emt 0:00:01]} 28. cxd5 {[%emt 0:00:05]} Bd4+ {[%emt 0:00:01]} 29. Kd2 {[%emt 0:00:03]} Nxd5 {[%emt 0:00:01]} 30. Ng5 {[%emt 0:00:02]} Be3+ {[%emt 0:00:02]} 31. Kc2 {[%emt 0:00:01]} Bxg5 {[%emt 0:00:00]} 32. Rag1 {[%emt 0:00:01]} Bf6 {[%emt 0:00:01]} 33. a4 {[%emt 0:00:01]} Bf5+ {[%emt 0:00:00]} 34. Kb3 {[%emt 0:00:01]} c4+ {[%emt 0:00:02]} 35. Ka2 {[%emt 0:00:02]} Nb4+ {[%emt 0:00:01]} 36. Ka3 {[%emt 0:00:00]} Nc2+ {[%emt 0:00:01]} 37. Ka2 {[%emt 0:00:00]} b6 {[%emt 0:00:01]} 38. Rh2 {[%emt 0:00:03]} a6 {[%emt 0:00:01]} 39. Rgh1 {[%emt 0:00:01]} h5 {[%emt 0:00:02]} 40. Rg1 {[%emt 0:00:03]} b5 {[%emt 0:00:01]} 41. Rxh5 {[%emt 0:00:01]} Bd3 {[%emt 0:00:07]} 42. a5 {[%emt 0:00:06]} b4 {[%emt 0:00:01]} 43. Rgh1 {[%emt 0:00:06]} b3+ {[%emt 0:00:02]} 44. Kb1 {[%emt 0:00:01]} Nd4+ {[%emt 0:00:04]} 45. Ka1 {[%emt 0:00:02]} Nc2+ {[%emt 0:00:02]} 46. Kb1 {[%emt 0:00:01]} gxh5 {[%emt 0:00:00]} 47. Rg1+ {[%emt 0:00:06]} Kh7 {[%emt 0:00:02]} 48. Rg5 {[%emt 0:00:00]} Na3+ {[%emt 0:00:06]} 49. Ka1 {[%emt 0:00:00]} Bxg5 {[%emt 0:00:01]} 50. bxa3 {[%emt 0:00:04]} Bf6# {[%emt 0:00:10] (Lag: Av=0.88s, max=1.7s)} 0-1

[Event "Stay Safe Play From Home 131"]
[Site "T#645805Emanuel Laske"]
[Date "2020.05.07"]
[Round "4"]
[White "Edmatuag"]
[Black "matanant"]
[Result "0-1"]
[WhiteElo "1726"]
[BlackElo "1780"]
[Annotator "NA"]
[PlyCount "54"]
[EventDate "2020.05.07"]
[EventType "swiss (blitz)"]

1. e4 {[%emt 0:00:01]} e6 {[%emt 0:00:01]} 2. d4 {[%emt 0:00:02]} d5 {[%emt 0:00:00]} 3. Nc3 {[%emt 0:00:04]} Bb4 {[%emt 0:00:02]} 4. e5 {[%emt 0:00:03]} c5 {[%emt 0:00:02]} 5. a3 {[%emt 0:00:01]} Bxc3+ {[%emt 0:00:06]} 6. bxc3 {[%emt 0:00:00]} c4 {[%emt 0:00:01]} 7. f4 {[%emt 0:00:05]} Ne7 {[%emt 0:00:02]} 8. Nf3 {[%emt 0:00:03]} h6 {[%emt 0:00:05]} 9. Be3 {[%emt 0:00:03]} Bd7 {[%emt 0:00:07]} 10. g4 {[%emt 0:00:05]} Qa5 {[%emt 0:00:03]} 11. Qd2 {[%emt 0:00:02]} Nbc6 {[%emt 0:00:09]} 12. Bh3 {[%emt 0:00:02]} g6 {[%emt 0:00:04]} 13. O-O {[%emt 0:00:04]} O-O-O {[%emt 0:00:03]} 14. Rfb1 {[%emt 0:00:23]} a6 {[%emt 0:00:04]} 15. Bg2 {[%emt 0:00:14]} Na7 {[%emt 0:00:02]} 16. a4 {[%emt 0:00:05]} Bxa4 {[%emt 0:00:04]} 17. Rb4 {[%emt 0:00:05]} b5 {[%emt 0:00:03]} 18. f5 {[%emt 0:00:39]} gxf5 {[%emt 0:00:02]} 19. gxf5 {[%emt 0:00:01]} Rdg8 {[%emt 0:00:13]} 20. fxe6 {[%emt 0:00:06]} fxe6 {[%emt 0:00:02]} 21. Kh1 {[%emt 0:00:09]} Nf5 {[%emt 0:00:03]} 22. Bf2 {[%emt 0:00:16]} Nc6 {[%emt 0:00:04]} 23. Rb2 {[%emt 0:00:09]} Qd8 {[%emt 0:00:08]} 24. Qf4 {[%emt 0:00:12]} Qg5 {[%emt 0:00:02]} 25. Nxg5 {[%emt 0:00:02]} hxg5 {[%emt 0:00:07]} 26. Bh3 {[%emt 0:00:00]} Rxh3 {[%emt 0:00:03]} 27. Qg4 {[%emt 0:00:02]} Rxc3 {[%emt 0:00:05] Time (Lag: Av=0.75s, max=1.3s)} 0-1

[Event "Stay Safe Play From Home 131"]
[Site "T#645805Emanuel Laske"]
[Date "2020.05.07"]
[Round "4"]
[White "chessuliu"]
[Black "DACHI2020"]
[Result "0-1"]
[WhiteElo "1720"]
[BlackElo "1534"]
[Annotator "NA"]
[PlyCount "72"]
[EventDate "2020.05.07"]
[EventType "swiss (blitz)"]

1. d4 {[%emt 0:00:02]} d5 {[%emt 0:00:04]} 2. Nf3 {[%emt 0:00:01]} e6 {[%emt 0:00:01]} 3. e3 {[%emt 0:00:01]} Nf6 {[%emt 0:00:02]} 4. c3 {[%emt 0:00:01]} Be7 {[%emt 0:00:02]} 5. Nbd2 {[%emt 0:00:03]} a6 {[%emt 0:00:10]} 6. Bd3 {[%emt 0:00:03]} Nbd7 {[%emt 0:00:01]} 7. Qe2 {[%emt 0:00:01]} b5 {[%emt 0:00:01]} 8. e4 {[%emt 0:00:01]} dxe4 {[%emt 0:00:03]} 9. Nxe4 {[%emt 0:00:02]} Bb7 {[%emt 0:00:01]} 10. O-O {[%emt 0:00:02]} O-O {[%emt 0:00:03]} 11. h3 {[%emt 0:00:03]} Nxe4 {[%emt 0:00:02]} 12. Bxe4 {[%emt 0:00:02]} Bxe4 {[%emt 0:00:00]} 13. Qxe4 {[%emt 0:00:01]} c5 {[%emt 0:00:00]} 14. Be3 {[%emt 0:00:06]} c4 {[%emt 0:00:02]} 15. Bf4 {[%emt 0:00:07]} Nf6 {[%emt 0:00:01]} 16. Qe2 {[%emt 0:00:02]} Re8 {[%emt 0:00:01]} 17. Ne5 {[%emt 0:00:04]} Bd6 {[%emt 0:00:04]} 18. Bg5 {[%emt 0:00:10]} h6 {[%emt 0:00:03]} 19. Bh4 {[%emt 0:00:03]} Be7 {[%emt 0:00:03]} 20. Nc6 {[%emt 0:00:05]} Qd7 {[%emt 0:00:01]} 21. Nxe7+ {[%emt 0:00:04]} Qxe7 {[%emt 0:00:00]} 22. Bxf6 {[%emt 0:00:01]} Qxf6 {[%emt 0:00:02]} 23. Rfe1 {[%emt 0:00:01]} Rad8 {[%emt 0:00:03]} 24. Qe4 {[%emt 0:00:04]} Rd5 {[%emt 0:00:02]} 25. Re3 {[%emt 0:00:05]} Red8 {[%emt 0:00:01]} 26. Rae1 {[%emt 0:00:02]} Qf5 {[%emt 0:00:02]} 27. Qh4 {[%emt 0:00:04]} R8d7 {[%emt 0:00:07]} 28. Rg3 {[%emt 0:00:07]} Kf8 {[%emt 0:00:04]} 29. Rf3 {[%emt 0:00:08]} Qc2 {[%emt 0:00:03]} 30. Qf4 {[%emt 0:00:09]} Qxb2 {[%emt 0:00:05]} 31. Rxe6 {[%emt 0:00:07]} Qxa2 {[%emt 0:00:14]} 32. Re5 {[%emt 0:00:34]} Qb1+ {[%emt 0:00:05]} 33. Kh2 {[%emt 0:00:03]} R5d6 {[%emt 0:00:04]} 34. Qe3 {[%emt 0:00:09]} Rd8 {[%emt 0:00:05]} 35. Re7 {[%emt 0:00:03]} Qg6 {[%emt 0:00:07]} 36. Qe5 {[%emt 0:00:18]} R6d7 {[%emt 0:00:17] Zeit (Lag: Av=0.73s, max=1.0s)} 0-1

[Event "Stay Safe Play From Home 131"]
[Site "T#645805Emanuel Laske"]
[Date "2020.05.07"]
[Round "4"]
[White "Kongle"]
[Black "Dukic"]
[Result "1-0"]
[WhiteElo "1716"]
[BlackElo "1789"]
[Annotator "NA"]
[PlyCount "63"]
[EventDate "2020.05.07"]
[EventType "swiss (blitz)"]

1. d4 {[%emt 0:00:03]} c6 {[%emt 0:00:01]} 2. c4 {[%emt 0:00:01]} d6 {[%emt 0:00:05]} 3. Nc3 {[%emt 0:00:01]} Nd7 {[%emt 0:00:01]} 4. e4 {[%emt 0:00:01]} e5 {[%emt 0:00:01]} 5. Be3 {[%emt 0:00:04]} Be7 {[%emt 0:00:02]} 6. f4 {[%emt 0:00:02]} Ngf6 {[%emt 0:00:02]} 7. fxe5 {[%emt 0:00:04]} dxe5 {[%emt 0:00:02]} 8. d5 {[%emt 0:00:01]} Bc5 {[%emt 0:00:08]} 9. Qd2 {[%emt 0:00:08]} Qb6 {[%emt 0:00:08]} 10. Bxc5 {[%emt 0:00:09]} Nxc5 {[%emt 0:00:02]} 11. Qc2 {[%emt 0:00:20]} Bg4 {[%emt 0:00:10]} 12. h3 {[%emt 0:00:03]} Bh5 {[%emt 0:00:02]} 13. Nf3 {[%emt 0:00:04]} Bg6 {[%emt 0:00:12]} 14. Nxe5 {[%emt 0:00:03]} Bxe4 {[%emt 0:00:11]} 15. Nxe4 {[%emt 0:00:03]} Nfxe4 {[%emt 0:00:04]} 16. Bd3 {[%emt 0:00:06]} Nxd3+ {[%emt 0:00:19]} 17. Nxd3 {[%emt 0:00:01]} Qe3+ {[%emt 0:00:09]} 18. Kd1 {[%emt 0:00:13]} cxd5 {[%emt 0:00:12]} 19. Re1 {[%emt 0:00:07]} Qd4 {[%emt 0:00:03]} 20. cxd5 {[%emt 0:00:03]} O-O {[%emt 0:00:04]} 21. Qe2 {[%emt 0:00:25]} Rfe8 {[%emt 0:00:04]} 22. Rc1 {[%emt 0:00:15]} Rad8 {[%emt 0:00:09]} 23. d6 {[%emt 0:00:14]} Rxd6 {[%emt 0:00:02]} 24. Qxe4 {[%emt 0:00:09]} Qxd3+ {[%emt 0:00:08]} 25. Qxd3 {[%emt 0:00:02]} Rxd3+ {[%emt 0:00:01]} 26. Kc2 {[%emt 0:00:02]} Red8 {[%emt 0:00:12]} 27. Kb1 {[%emt 0:00:09]} g6 {[%emt 0:00:09]} 28. Re7 {[%emt 0:00:02]} R8d7 {[%emt 0:00:10]} 29. Rxd7 {[%emt 0:00:01]} Rxd7 {[%emt 0:00:02]} 30. Rc8+ {[%emt 0:00:01]} Kg7 {[%emt 0:00:01]} 31. Rc4 {[%emt 0:00:01]} h5 {[%emt 0:00:03]} 32. Kc2 {[%emt 0:00:02] Zeit (Lag: Av=0.52s, max=0.9s)} 1-0